000 00594nam a22002177a 4500
003 OSt
005 20210426103015.0
008 210121s1996 ||||| |||| 00| 0 eng d
020 _a0091802067
040 _aeng
_beng
_cDLC
041 _aeng
080 _a821.111
_bR-66
100 _9670
_aRoberts, Monty
245 _aThe Man Who Listens to Horses
_c/ by: Hutchinson
260 _aLondon
_bHutchinson
_c1996
300 _a309 p.
_bill.
365 _b16.99 gbp
650 0 _9254
_aEnglish literature
653 _aინგლისური ლიტერატურა
942 _2udc
_cBK
999 _c908
_d908